000 00313nam a22001457a 4500
008 230831b ||||| |||| 00| 0 eng d
020 _a9780465044269
041 _aeng
080 _a101
082 _a101MAY
100 _a40
101 _aFILOZ
245 _aWHAT EVOLUTION IS
_cERNST MAYR
942 _2udc
_cBK
999 _c60214
_d60214